[Event "Moscow op 02nd"]
[Site "Moscow"]
[Date "2006.01.30"]
[Round "2"]
[White "Zontakh, Andrey"]
[Black "Novogrudsky, Nikolay"]
[Result "1-0"]
[WhiteElo "2545"]
[BlackElo "2305"]
[PlyCount "47"]
[EventDate "2006.01.29"]
[EventType "swiss"]
[EventRounds "9"]
[EventCountry "RUS"]
[SourceTitle "CBM 110 Extra"]
[Source "ChessBase"]
[SourceDate "2006.03.10"]
[SourceVersion "2"]
[SourceVersionDate "2006.03.10"]
[SourceQuality "1"]

1. e4 c5 2. Nf3 Nc6 3. d4 cxd4 4. Nxd4 Nf6 5. Nc3 d6 6. Bg5 e6 7. Qd2 a6 8. 0-0-0 h6 9. Be3 Be7 10. f4 Bd7 11. Kb1 Nxd4 12. Bxd4 Bc6 13. Bd3 b5 14. Qe1 b4 15. Ne2 Qc7 16. Ng3 Qb7 17. e5 dxe5 18. fxe5 Nd5 19. Ne4 Nc3+ 20. Nxc3 bxc3 21. Bxc3 0-0 22. Qg3 Rfb8 23. Rhf1 a5 24. Rxf7 1-0

[Event "RUS-ch Seniors"]
[Site "Zvenigorod"]
[Date "2005.11.28"]
[Round "1"]
[White "Didy, Kaplan"]
[Black "Novogrudsky, Nikolay"]
[Result "1/2-1/2"]
[WhiteElo "2091"]
[BlackElo "2305"]
[PlyCount "38"]
[EventDate "2005.11.28"]
[EventType "swiss"]
[EventRounds "7"]
[EventCountry "RUS"]
[SourceTitle "EXT 2007"]
[Source "ChessBase"]
[SourceDate "2006.11.23"]
[SourceVersion "1"]
[SourceVersionDate "2006.11.23"]
[SourceQuality "1"]

1. e4 c5 2. d3 Nc6 3. f4 g6 4. g3 Bg7 5. Bg2 d6 6. c3 e5 7. Nf3 Nf6 8. 0-0 0-0 9. Na3 Be6 10. f5 gxf5 11. Nh4 f4 12. Nf5 Bxf5 13. exf5 d5 14. gxf4 e4 15. dxe4 dxe4 16. Be3 Qe7 17. Qe2 Rad8 18. Rad1 b6 19. Nc4 Rfe8 1/2-1/2

[Event "RUS-ch Seniors"]
[Site "Tula"]
[Date "2004.05.12"]
[Round "3"]
[White "Kremenietsky, Anatoly M"]
[Black "Novogrudsky, Nikolay"]
[Result "1-0"]
[WhiteElo "2388"]
[BlackElo "2263"]
[PlyCount "83"]
[EventDate "2004.05.??"]
[EventType "swiss"]
[EventRounds "9"]
[EventCountry "RUS"]
[SourceTitle "EXT 2005"]
[Source "ChessBase"]
[SourceDate "2004.11.15"]
[SourceVersion "1"]
[SourceVersionDate "2004.11.15"]
[SourceQuality "1"]

1. d4 d5 2. c4 e6 3. Nc3 Nf6 4. Nf3 Be7 5. Bg5 0-0 6. e3 Nbd7 7. Rc1 c6 8. cxd5 exd5 9. Bd3 Ne4 10. Bxe4 dxe4 11. Nxe4 Bxg5 12. Nexg5 Qa5+ 13. Qd2 Qxa2 14. 0-0 h6 15. Ne4 Qe6 16. Ng3 Nf6 17. Ne5 Qe7 18. f4 Bd7 19. e4 Rad8 20. Rfe1 Bc8 21. Nc4 Ne8 22. f5 Qg5 23. Qf2 h5 24. Rcd1 h4 25. Nf1 Nf6 26. h3 Rfe8 27. Nfd2 Qh5 28. e5 Nd5 29. Ne4 Qxf5 30. Qxf5 Bxf5 31. Ned6 Be6 32. Nxe8 Rxe8 33. Nd2 Nc7 34. Nf3 Rd8 35. Nxh4 Rd5 36. Nf3 Rb5 37. Rd2 Bd5 38. Ng5 Rb3 39. Ne4 Ne6 40. Nc3 Rb4 41. Nxd5 cxd5 42. Ra1 1-0

[Event "RUS-ch Seniors"]
[Site "Tula"]
[Date "2004.05.11"]
[Round "2"]
[White "Novogrudsky, Nikolay"]
[Black "Sokolov, Yury"]
[Result "1-0"]
[WhiteElo "2263"]
[BlackElo "2065"]
[PlyCount "55"]
[EventDate "2004.05.??"]
[EventType "swiss"]
[EventRounds "9"]
[EventCountry "RUS"]
[SourceTitle "EXT 2005"]
[Source "ChessBase"]
[SourceDate "2004.11.15"]
[SourceVersion "1"]
[SourceVersionDate "2004.11.15"]
[SourceQuality "1"]

1. d4 Nf6 2. c4 g6 3. Nc3 d5 4. Nf3 Bg7 5. Bg5 c6 6. e3 0-0 7. Bd3 Nbd7 8. 0-0 Re8 9. Rc1 Nf8 10. h3 h6 11. Bxf6 Bxf6 12. cxd5 cxd5 13. Qb3 e6 14. Rc2 a6 15. Rfc1 Be7 16. e4 dxe4 17. Nxe4 Nd7 18. Rc7 b5 19. d5 Nb6 20. d6 Bxd6 21. Nxd6 Qxd6 22. R1c6 Qd8 23. Bxg6 Bd7 24. Bxf7+ Kxf7 25. Ne5+ Kg8 26. Rxb6 Bc8 27. Qc2 Qg5 28. Qh7+ 1-0

[Event "RUS-ch Seniors"]
[Site "Tula"]
[Date "2004.05.10"]
[Round "1"]
[White "Shabanov, Yuri"]
[Black "Novogrudsky, Nikolay"]
[Result "1-0"]
[WhiteElo "2425"]
[BlackElo "2263"]
[PlyCount "87"]
[EventDate "2004.05.??"]
[EventType "swiss"]
[EventRounds "9"]
[EventCountry "RUS"]
[SourceTitle "EXT 2005"]
[Source "ChessBase"]
[SourceDate "2004.11.15"]
[SourceVersion "1"]
[SourceVersionDate "2004.11.15"]
[SourceQuality "1"]

1. e4 c5 2. d3 Nc6 3. f4 g6 4. Nf3 Bg7 5. g3 e6 6. c3 Nge7 7. Bg2 0-0 8. 0-0 d6 9. Be3 f5 10. Na3 Rb8 11. Nc2 b5 12. e5 dxe5 13. Bxc5 exf4 14. gxf4 Qc7 15. Qe1 Re8 16. d4 Nd5 17. Ne5 Bb7 18. Nd3 Nf6 19. Qe2 Ba8 20. a4 bxa4 21. Rxa4 Ne4 22. Ne3 a5 23. Nc4 Nxc5 24. dxc5 Bf8 25. Rfa1 Red8 26. Bf3 Rxd3 27. Qxd3 Bxc5+ 28. Kg2 g5 29. fxg5 Rd8 30. Qe2 e5 31. Nxa5 e4 32. Qc4+ Kh8 33. Qxc5 exf3+ 34. Kg1 f2+ 35. Qxf2 Ne5 36. Qf4 Nf3+ 37. Kf2 Rd2+ 38. Kg3 Ne5 39. Nc4 Rd3+ 40. Ne3 Rxe3+ 41. Qxe3 Nd3+ 42. Rf4 Be4 43. Ra8+ Kg7 44. Ra7 1-0

[Event "Moscow-ch"]
[Site "Moscow"]
[Date "2001.??.??"]
[Round "3"]
[White "Saulin, Dmitri"]
[Black "Novogrudsky, Nikolay"]
[Result "1-0"]
[WhiteElo "2462"]
[BlackElo "2228"]
[PlyCount "33"]
[EventDate "2001.??.??"]
[EventType "swiss"]
[EventRounds "9"]
[EventCountry "RUS"]
[SourceTitle "EXT 2002"]
[Source "ChessBase"]
[SourceDate "2001.11.25"]
[SourceVersion "1"]
[SourceVersionDate "2001.11.25"]
[SourceQuality "1"]

1. e4 c5 2. Nf3 Nc6 3. d4 cxd4 4. Nxd4 Nf6 5. Nc3 d6 6. Bg5 e6 7. Qd2 a6 8. 0-0-0 h6 9. Be3 Be7 10. f4 Nxd4 11. Bxd4 b5 12. Kb1 Bb7 13. Bd3 0-0 14. e5 dxe5 15. fxe5 Nd7 16. Ne4 Bxe4 17. Bxe4 1-0